Advanced engineering mathematics
I tiakina i:
| Ngā kaituhi matua: | , , |
|---|---|
| Hōputu: | Pukapuka |
| Reo: | Ingarihi |
| I whakaputaina: |
Chichester
John Wiley
1977
|
| Ngā marau: | |
| Ngā Tūtohu: |
Tāpirihia he Tūtohu
Kāore He Tūtohu, Me noho koe te mea tuatahi ki te tūtohu i tēnei pūkete!
|
MARC
| LEADER | 00000nam a2200000 a 4500 | ||
|---|---|---|---|
| 001 | UCW0894 | ||
| 003 | CL-VaPUC | ||
| 008 | 891221e19770000UK |||||||||||||||||eng|d | ||
| 082 | 0 | 4 | |a 510 |b BAJ |2 21 |
| 100 | 0 | |a Bajpai, A. C |e author |9 304813 | |
| 700 | 0 | |a Mustoe, L. R |e author |9 304814 | |
| 700 | 0 | |a Walker, D |e author |9 304815 | |
| 245 | 1 | 0 | |a Advanced engineering mathematics |
| 300 | |a 578 p | ||
| 942 | |c BK | ||
| 945 | |d 19891221 00:00:00 | ||
| 260 | |a Chichester |b John Wiley |c 1977 | ||
| 650 | 0 | |a Matemáticas para ingenieros |9 259317 | |
| 583 | |a last modification |c 19891221 00:00:00 |k Rodrigo Vera | ||
| 999 | |c 215920 |d 215918 | ||
| 952 | |0 0 |1 0 |4 0 |6 510_000000000000000_BAJ_1977 |7 0 |8 A |9 201146 |a BIBMAT |b BIBMAT |d 2019-11-14 |i 2683245 |o 510 BAJ 1977 |p 2683245 |r 2025-01-07 |w 2019-11-14 |y BK |k MAT | ||